000 00659nam a2200205Ia 4500
003 GCL
008 140319s9999 xx 000 0 ara d
020 _a2006269960
040 _aGCL /
_cGCL
082 0 4 _a229.461
_bم خ
100 1 _aمحمد على البار
245 1 0 _aخلق الانسان بين الطب والقران /
_cمحمد على البار
260 _aالرياض :
_bالدار السعودية للنشر والتوزيع ،
_c1995
300 _a560 ص ؛
_c24 سم
650 0 4 _aالاسلام
650 0 4 _aالقران والطب
650 0 4 _aالخلق
650 0 4 _aالانسان فى القران
942 _2ddc
_cBK
999 _c49103
_d49103